| 000 -LEADER | |
|---|---|
| fixed length control field | 00397nam a22001697a 4500 |
| 005 - DATE AND TIME OF LATEST TRANSACTION | |
| control field | 20210908140945.0 |
| 008 - FIXED-LENGTH DATA ELEMENTS--GENERAL INFORMATION | |
| fixed length control field | 160701b xxu||||| |||| 00| 0 eng d |
| 020 ## - INTERNATIONAL STANDARD BOOK NUMBER | |
| ISBN | 978-93-8085-04-9 |
| 041 ## - LANGUAGE CODE | |
| Language code of text/sound track or separate title | eng |
| 082 ## - DEWEY DECIMAL CLASSIFICATION NUMBER | |
| Item number | 20562 |
| 100 ## - MAIN ENTRY--AUTHOR NAME | |
| Personal name | Reddy, Dr P Jaya Rani |
| 245 ## - TITLE STATEMENT | |
| Title | A text book of Hydrology |
| 260 ## - PUBLICATION, DISTRIBUTION, ETC. (IMPRINT) | |
| Name of publisher | Laxmi |
| 300 ## - PHYSICAL DESCRIPTION | |
| Number of Pages | 504 |
| 650 ## - SUBJECT ADDED ENTRY--TOPICAL TERM | |
| Topical Term | Diploma Engineering |
| 942 ## - ADDED ENTRY ELEMENTS (KOHA) | |
| Koha item type | Books |
| Lost status | Damaged status | Collection code | Home library | Current library | Shelving location | Date acquired | Cost, normal purchase price | Full call number | Accession Number | Koha item type |
|---|---|---|---|---|---|---|---|---|---|---|
| Reference | JRU Library | SHELF-30-A | 01/07/2016 | 395.00 | 20562 | 20562 | Books | |||
| JRU Library | SHELF-42-F | 01/07/2016 | 395.00 | 20562 | 20563 | Books | ||||
| JRU Library | SHELF-42-F | 01/07/2016 | 395.00 | 20562 | 20564 | Books | ||||
| JRU Library | SHELF-42-F | 01/07/2016 | 395.00 | 20562 | 20565 | Books | ||||
| JRU Library | SHELF-42-F | 01/07/2016 | 395.00 | 20562 | 20566 | Books | ||||
| JRU Library | SHELF-42-F | 01/07/2016 | 395.00 | 20562 | 20567 | Books | ||||
| JRU Library | SHELF-42-F | 01/07/2016 | 395.00 | 20562 | 20568 | Books | ||||
| JRU Library | SHELF-42-F | 01/07/2016 | 395.00 | 20562 | 20569 | Books | ||||
| JRU Library | SHELF-42-F | 01/07/2016 | 395.00 | 20562 | 20570 | Books | ||||
| JRU Library | SHELF-42-F | 01/07/2016 | 395.00 | 20562 | 20571 | Books |